000 01396nam a2200385 i 4500
001 59225
003 FINmELB
005 20241216233057.0
006 m o u
007 cr cn|||||||||
008 220829s2021 sp a o 000 0 spa d
020 _a9788441543973
_q(e-book)
020 _z9788441543171
_q(impreso)
035 _a(OCoLC)1345545417
040 _aFINmELB
_bspa
_erda
_cFINmELB
050 4 _aTX837
_b.M378 2021
080 _a641.56-056.845(083.12)
082 0 4 _a641.56362
_23
100 1 _aMartínez Canal, Marta,
_eautor.
245 1 0 _aCocina vegana fácil /
_cMarta Martínez Canal.
264 1 _aMadrid :
_bOberon,
_c[2021]
264 4 _c©2021
300 _a1 recurso en línea (199 páginas) :
_bilustraciones (color)
336 _atexto
_btxt
_2rdacontent/spa
337 _acomputadora
_bc
_2rdamedia/spa
338 _arecurso en línea
_bcr
_2rdacarrier/spa
588 _aDescripción basada en metadatos suministrados por el editor y otras fuentes.
590 _aRecurso electrónico. Santa Fe, Arg.: elibro, 2022. Disponible vía World Wide Web. El acceso puede estar limitado para las bibliotecas afiliadas a elibro.
650 4 _aCocina vegana
_vRecetas.
655 4 _aLibros electrónicos.
655 4 _aRecetas.
655 4 _aLibros ilustrados.
797 2 _aelibro, Corp.
856 4 0 _uhttps://elibro.net/ereader/politecnicointernacional/215491
999 _c59225
_d59225